Kimbangu : (Record no. 130069)
[ view plain ]
| 000 -LEADER | |
|---|---|
| fixed length control field | 01076cam a2200313 i 4500 |
| 001 - CONTROL NUMBER | |
| control field | 4113084 |
| 003 - CONTROL NUMBER IDENTIFIER | |
| control field | ARRUPE |
| 005 - DATE AND TIME OF LATEST TRANSACTION | |
| control field | 20191118105132.0 |
| 008 - FIXED-LENGTH DATA ELEMENTS--GENERAL INFORMATION | |
| fixed length control field | 751023s1975 enk b 001 0 eng |
| 010 ## - LIBRARY OF CONGRESS CONTROL NUMBER | |
| LC control number | 75327323 |
| 015 ## - NATIONAL BIBLIOGRAPHY NUMBER | |
| National bibliography number | GB*** |
| 020 ## - INTERNATIONAL STANDARD BOOK NUMBER | |
| International Standard Book Number | 0631160302 : |
| Terms of availability | £5.50 |
| 040 ## - CATALOGING SOURCE | |
| Original cataloging agency | DLC |
| Transcribing agency | DLC |
| Modifying agency | DLC |
| 041 1# - LANGUAGE CODE | |
| Language code of text/sound track or separate title | engger |
| 050 00 - LIBRARY OF CONGRESS CALL NUMBER | |
| Classification number | BX7435.E44 |
| Item number | M3713 |
| 082 00 - DEWEY DECIMAL CLASSIFICATION NUMBER | |
| Classification number | 289.9 |
| -- | B |
| 300 ## - PHYSICAL DESCRIPTION | |
| Dimensions | 24 cm. |
| 100 1# - MAIN ENTRY--PERSONAL NAME | |
| Personal name | Martin, Marie-Louise. |
| 9 (RLIN) | 48780 |
| 240 10 - UNIFORM TITLE | |
| Uniform title | <a href="Kirche ohne Weisse.">Kirche ohne Weisse.</a> |
| Language of a work | English |
| 245 00 - TITLE STATEMENT | |
| Title | Kimbangu : |
| Remainder of title | an African prophet and his church / |
| Statement of responsibility, etc | Marie-Louise Martin ; with a foreword by Bryan R. Wilson ; translated by D. M. Moore. |
| 260 ## - PUBLICATION, DISTRIBUTION, ETC. (IMPRINT) | |
| Place of publication, distribution, etc | Oxford [Eng.] : |
| Name of publisher, distributor, etc | Basil Blackwell, |
| Date of publication, distribution, etc | c1975. |
| 300 ## - PHYSICAL DESCRIPTION | |
| Extent | xxiv, 198 p. ; |
| 500 ## - GENERAL NOTE | |
| General note | Translation of Kirche ohne Weisse. |
| 500 ## - GENERAL NOTE | |
| General note | Includes indexes. |
| 504 ## - BIBLIOGRAPHY, ETC. NOTE | |
| Bibliography, etc | Bibliography: p. 185-188. |
| 600 10 - SUBJECT ADDED ENTRY--PERSONAL NAME | |
| Personal name | Kimbangu, Simon, |
| Dates associated with a name | 1887-1951. |
| 9 (RLIN) | 48781 |
| 610 20 - SUBJECT ADDED ENTRY--CORPORATE NAME | |
| Corporate name or jurisdiction name as entry element | Eglise de Jésus-Christ sur la terre par le prophète Simon Kimbangu. |
| 9 (RLIN) | 48782 |
| 906 ## - LOCAL DATA ELEMENT F, LDF (RLIN) | |
| a | 7 |
| b | cbc |
| c | orignew |
| d | 3 |
| e | ncip |
| f | 19 |
| g | y-gencatlg |
| 942 ## - ADDED ENTRY ELEMENTS (KOHA) | |
| Source of classification or shelving scheme | Library of Congress Classification |
| Koha item type | Monograph ( Printed materials) |
| Withdrawn status | Lost status | Source of classification or shelving scheme | Damaged status | Not for loan | Collection code | Home library | Current library | Shelving location | Date acquired | Total Checkouts | Full call number | Barcode | Date last seen | Price effective from | Koha item type |
|---|---|---|---|---|---|---|---|---|---|---|---|---|---|---|---|
| Library of Congress Classification | Main Collection | ARRUPE LIBRARY | ARRUPE LIBRARY | Main Collection | 18/11/2019 | BX7435.E44 M3713 | 46600005914 | 18/11/2019 | 18/11/2019 | Monograph ( Printed materials) |